Statistics for Countries that Declared War in WW1

Click here to take the quiz!

General Stats

  • This quiz has been taken 544 times
  • The average score is 102 of 120

Answer Stats

DateTargeted Country% Correct
| Apr 23, 1918 | Apr 6, 1917 | +16 othersGermany
99%
| Aug 12, 1914 | Aug 14,1917 | +10 othersAustria Hungary
98%
| Nov 11, 1914United Kingdom
98%
| Aug 1, 1914 | Aug 6, 1914 | Nov 11, 1914Russia
97%
| Aug 3, 1914France
97%
United States
96%
Italy
92%
| Jul 28, 1914 | Oct 14, 1915Serbia
91%
| Nov 11, 1914Japan
91%
Aug 28, 1914 | Aug 4, 1914Belgium
90%
| Aug 21, 1915 | Jun 27, 1917 | +2 othersOttoman Empire
88%
| Jun 27, 1917 | Oct 15, 1915 | +2 othersBulgaria
87%
Greece
78%
| Aug 28, 1916 | Aug 30, 1916 | Sept 1, 1916Romania
78%
China
76%
Mar 15, 1916 | Mar 9, 1916Portugal
71%
Brazil
67%
Montenegro
63%
Panama
35%
Cuba
35%
Honduras
35%
Nicaragua
33%
Guatemala
31%
Costa Rica
30%
Haiti
30%
Thailand
28%
Liberia
17%
San Marino
14%

Score Distribution

Percentile by Number Answered

Percent of People with Each Score

Your Score History

You have not taken this quiz